| 000 | 00548nam a22001697a 4500 | ||
|---|---|---|---|
| 005 | 20251108165500.0 | ||
| 008 | 250721s9999 xx 000 0 ara d | ||
| 082 | 1 | 4 | _aم/411.6/خط |
| 245 | 1 | 0 | _aالخط العربي من خلال المخطوطات / |
| 264 | 1 |
_aالرياض : _bمركز الملك فيصل للبحوث و الدراسات الإسلامية، _c[19-]. |
|
| 300 | _a254ص | ||
| 650 | 1 | 7 | _aاللغة العربية |
| 650 | 1 | 7 | _aالخط العربي |
| 650 | 1 | 7 | _aالمخطوطات |
| 942 |
_2ddc _cREF |
||
| 999 |
_c28960 _d28960 |
||